000 00596cam a22001937a 4500
001 13753462
005 20251105134156.0
008 041018s2005 njua 001 0 eng d
020 _a0131701975
_qpbk.
020 _a9780131701977
_q(pbk.)
050 0 0 _aT385
_b.L625 2005
082 0 0 _a620/.0042/0285536
_222
100 1 _aLockhart, Shawna D.,
_d1957-
245 1 2 _aA tutorial guide to AutoCAD 2005 /
_cShawna Lockhart.
260 _aUpper Saddle River, N.J. :
_bPearson/Prentice Hall,
_cc2005.
300 _axxiii, 631 p. :
_bill. ;
_c26 cm.
650 0 _aComputer graphics.
942 _2lcc
_cBK
_n0
999 _c8069
_d8069